Justa repulsa de iniquas acusaciones. Carta, en que manifestando las imposturas que contra el Theatro Critico y su autor dio al publico el R. P. Fr. Francisco Soto Marne, Chronista General de la Religion de San Francisco, escribe a un amigo suyo el muy ilustre Señor, y Reverendissimo Padre Maestro Don Fr. Benito Geronymo Feyjoò, Maestro General de la religion de San Benito, del Consejo de su Magestad

Detalles Bibliográficos
Autor principal: Feyjoó y Montenegro, Benito Jerónimo, (1676-1764)
Formato: Libro
Lenguaje:Undetermined
Spanish
Publicado: en Madrid : en la imprenta de los herederos de la viuda de Juan Garcia Infanzon, 1757.
Edición:Tercera impression
Materias:
Colección:Banco de datos
Acervo:Biblioteca Palafoxiana. Colección bibliográfica
Descripción Física:[34], 115 p. ; 4°
Tema general:Literatura española
Notas:Número de localización: 36066-B
LEADER 01043nam a2200193Ia 4500
008 150723s9999 xx 000 0 und d
041 0 |a spa 
050 0 |a PAFX PQ6171 F4 
100 1 |a Feyjoó y Montenegro, Benito Jerónimo, (1676-1764) 
245 1 0 |a Justa repulsa de iniquas acusaciones. Carta, en que manifestando las imposturas que contra el Theatro Critico y su autor dio al publico el R. P. Fr. Francisco Soto Marne, Chronista General de la Religion de San Francisco, escribe a un amigo suyo el muy ilustre Señor, y Reverendissimo Padre Maestro Don Fr. Benito Geronymo Feyjoò, Maestro General de la religion de San Benito, del Consejo de su Magestad 
250 |a Tercera impression 
260 |a en Madrid : en la imprenta de los herederos de la viuda de Juan Garcia Infanzon, 1757. 
300 |a [34], 115 p. ; 4° 
500 |a Número de localización: 36066-B 
501 |a Encuadernado con 1 obra 
650 1 0 |a Literatura española 
942 |c PALALIB 
943 |g Biblioteca Palafoxiana. Colección bibliográfica 
999 |c 1065202  |d 1065202